[Event "21. Copenhagen Open  (Politiken Cup)"]
[Site "Copenhagen"]
[Date "1999.07.13"]
[Round "10"]
[White "Aagaard, Jacob"]
[Black "Christensen, Thomas"]
[Result "1-0"]
[WhiteElo "2403"]
[BlackElo "2231"]
[PlyCount "37"]
[EventDate "1999.07.03"]
[EventType "swiss"]
[EventRounds "11"]
[EventCountry "DEN"]
[SourceDate "2004.01.01"]

1. e4 c5 2. Nf3 d6 3. d4 cxd4 4. Nxd4 Nf6 5. Nc3 a6 6. Be2 e5 7. Nb3 Be7 8. O-O
O-O 9. Kh1 Be6 10. f4 Qc7 11. f5 Bc4 12. g4 h6 13. g5 hxg5 14. Bxg5 Nbd7 15.
Rg1 Kh7 16. Bxc4 Qxc4 17. Nd2 Qb4 18. Bxf6 Nxf6 19. Nd5 {opgivet pga.} 1-0

[Event "21. Copenhagen Open  (Politiken Cup)"]
[Site "Copenhagen"]
[Date "1999.07.13"]
[Round "10"]
[White "Al Saad, Mofid"]
[Black "Lund, Thomas"]
[Result "1-0"]
[WhiteElo "1323"]
[BlackElo "1691"]
[PlyCount "165"]
[EventDate "1999.07.03"]
[EventType "swiss"]
[EventRounds "11"]
[EventCountry "DEN"]
[SourceDate "2004.01.01"]

1. c4 e5 2. Nc3 Nf6 3. g3 d5 4. cxd5 Nxd5 5. Bg2 Nb6 6. Nf3 Nc6 7. a3 Be7 8.
O-O O-O 9. e3 Be6 10. b3 f6 11. d3 Qd7 12. Ne1 Rfd8 13. Bb2 Bf5 14. Ne4 Bh3 15.
Bxh3 Qxh3 16. f4 Qe6 17. f5 Qd5 18. Rc1 a5 19. Qc2 Rd7 20. Nc3 Qc5 21. Qe2 Nd5
22. Nd1 Qb6 23. Nf3 Qxb3 24. d4 e4 25. Nd2 Qd3 26. Qxd3 exd3 27. Kf2 Na7 28. e4
Nb6 29. Nc3 c5 30. d5 c4 31. Kf3 Rc8 32. Rfe1 Bd6 33. Rb1 Be5 34. Ba1 Bxc3 35.
Bxc3 Na4 36. Rec1 Nxc3 37. Rxc3 b5 38. Ke3 Kf7 39. a4 Re8 40. Kf4 b4 41. Rxc4
Nc8 42. Nb3 Nb6 43. Rd4 Nxa4 44. Nxa5 Nc3 45. Rbxb4 Ne2+ 46. Ke3 Nxd4 47. Rxd4
Ra8 48. Nc4 Ra2 49. Nd2 Ke7 50. Kxd3 Kd6 51. Rb4 Kc5 52. Rc4+ Kb5 53. Rc6 Rda7
54. Rc8 Kb4 55. Rb8+ Kc5 56. Nb3+ Kd6 57. Rb6+ Ke7 58. d6+ Ke8 59. Kd4 Rxh2 60.
Kd5 Kf7 61. Rc6 Rd7 62. Rc7 Ke8 63. Rc8+ Rd8 64. Rc7 Rd7 65. Rc4 Ra2 66. Ke6
Ra6 67. Rc8+ Rd8 68. Rxd8+ Kxd8 69. Nc5 Ra7 70. Kd5 Ra3 71. g4 Rg3 72. Ke6 Rxg4
73. Nb7+ Kc8 74. d7+ Kxb7 75. d8=Q Rxe4+ 76. Kf7 Re5 77. Qd7+ Kb6 78. Kxg7 Rc5
79. Kxh7 Rc7 80. Qxc7+ Kxc7 81. Kg7 Kd7 82. Kxf6 Ke8 83. Kg7 1-0

[Event "21. Copenhagen Open  (Politiken Cup)"]
[Site "Copenhagen"]
[Date "1999.07.13"]
[Round "10"]
[White "Arngrimsson, Dagur"]
[Black "Karlsen, Arne"]
[Result "1-0"]
[WhiteElo "1725"]
[BlackElo "2022"]
[PlyCount "81"]
[EventDate "1999.07.03"]
[EventType "swiss"]
[EventRounds "11"]
[EventCountry "DEN"]
[SourceDate "2004.01.01"]

1. e4 e5 2. Nf3 Nc6 3. d4 exd4 4. Nxd4 Nf6 5. Nxc6 bxc6 6. e5 Qe7 7. Qe2 Nd5 8.
c4 Ba6 9. b3 Qh4 10. a3 Bc5 11. g3 Bxf2+ 12. Qxf2 Qe4+ 13. Kd2 Qxh1 14. Bg2
Qxh2 15. cxd5 O-O 16. Nc3 Qh5 17. Bb2 Qxe5 18. Rh1 cxd5 19. Bxd5 c6 20. Bf3
Rfe8 21. Be4 g6 22. Kc1 Qg5+ 23. Kb1 d5 24. Nxd5 cxd5 25. Rxh7 Kxh7 26. Qxf7+
Kh6 27. Qg7+ Kh5 28. Bf3+ Qg4 29. Bxg4+ Kxg4 30. Qxg6+ Kf3 31. Qxa6 Kxg3 32.
Qd3+ Kf4 33. Qxd5 Rad8 34. Qf7+ Ke3 35. Qxa7+ Kd2 36. Qf2+ Re2 37. Bc1+ Kd1 38.
Qf1+ Re1 39. Qf3+ Re2 40. Bg5 Rd4 41. Qc3 1-0

[Event "21. Copenhagen Open  (Politiken Cup)"]
[Site "Copenhagen"]
[Date "1999.07.13"]
[Round "10"]
[White "Bekker Jensen, Simon"]
[Black "Christensen, Stefan"]
[Result "1-0"]
[WhiteElo "2436"]
[BlackElo "2196"]
[PlyCount "61"]
[EventDate "1999.07.03"]
[EventType "swiss"]
[EventRounds "11"]
[EventCountry "DEN"]
[SourceDate "2004.01.01"]

1. d4 Nf6 2. c4 e6 3. Nc3 Bb4 4. e3 b6 5. Nge2 Ne4 6. f3 Nxc3 7. bxc3 Be7 8. e4
d6 9. Ng3 e5 10. Be2 Bb7 11. O-O c5 12. Nf5 g6 13. Nh6 cxd4 14. cxd4 exd4 15.
c5 d5 16. cxb6 Qxb6 17. Bd3 Nd7 18. Rb1 Qc7 19. e5 Nxe5 20. Bf4 f6 21. Qa4+ Bc6
22. Qxd4 Kf8 23. Ng4 Bd6 24. Nxf6 Nxd3 25. Nxd5 Bxd5 26. Qxh8+ Ke7 27. Qxh7+
Kd8 28. Bg5+ Kc8 29. Qxg6 Bxh2+ 30. Kh1 Bg3 31. Qe8+ 1-0

[Event "21. Copenhagen Open  (Politiken Cup)"]
[Site "Copenhagen"]
[Date "1999.07.13"]
[Round "10"]
[White "Bering, Anders"]
[Black "Rasmussen, Poul"]
[Result "1-0"]
[WhiteElo "2007"]
[BlackElo "1581"]
[PlyCount "81"]
[EventDate "1999.07.03"]
[EventType "swiss"]
[EventRounds "11"]
[EventCountry "DEN"]
[SourceDate "2004.01.01"]

1. e4 e6 2. d4 d5 3. Nd2 dxe4 4. Nxe4 Bd7 5. Nf3 Bc6 6. Bd3 Bxe4 7. Bxe4 c6 8.
O-O Nf6 9. Bd3 Be7 10. c4 O-O 11. b3 Nbd7 12. Bb2 Rc8 13. Qe2 Re8 14. Rad1 a6
15. Ne5 Nf8 16. f4 Qc7 17. f5 Rcd8 18. fxe6 Nxe6 19. Qf2 c5 20. d5 Nd4 21. Bxd4
cxd4 22. Bxh7+ Kxh7 23. Nxf7 Qxh2+ 24. Kxh2 Ng4+ 25. Kg1 Nxf2 26. Rxf2 Rd7 27.
Ne5 Rdd8 28. Nf3 b5 29. Nxd4 Bc5 30. Rf4 bxc4 31. bxc4 Rb8 32. Kh1 Rb2 33. Ne6
Bd6 34. Rf7 Reb8 35. Rxg7+ Kh6 36. Rf1 Rb1 37. Rgf7 R8b4 38. g4 Rxf1+ 39. Rxf1
Rxc4 40. Rf6+ Kh7 41. Ng5+ 1-0

[Event "21. Copenhagen Open  (Politiken Cup)"]
[Site "Copenhagen"]
[Date "1999.07.13"]
[Round "10"]
[White "Bosch, Jeroen"]
[Black "Hillarp Persson, Tiger"]
[Result "0-1"]
[WhiteElo "2433"]
[BlackElo "2507"]
[PlyCount "86"]
[EventDate "1999.07.03"]
[EventType "swiss"]
[EventRounds "11"]
[EventCountry "DEN"]
[SourceDate "2004.01.01"]

1. e4 c5 2. Nf3 d6 3. d4 cxd4 4. Nxd4 Nf6 5. Nc3 a6 6. a4 b6 7. Bd3 Bb7 8. O-O
Nbd7 9. f4 g6 10. Nf3 Bg7 11. Qe1 Qc7 12. Kh1 e6 13. Qh4 O-O 14. Bd2 Rac8 15.
Rae1 Nc5 16. e5 Nfd7 17. Ng5 h6 18. Nge4 Nxe4 19. Nxe4 Bxe4 20. Rxe4 dxe5 21.
fxe5 Nxe5 22. Bxh6 f5 23. Bxg7 Kxg7 24. Rb4 a5 25. Rb5 Ng4 26. Qg3 Qxg3 27.
hxg3 e5 28. Rxb6 e4 29. Rb7+ Kf6 30. Be2 Ne3 31. Re1 Nxc2 32. Rd1 Rcd8 33. Rb6+
Kg5 34. Rbd6 Rxd6 35. Rxd6 Rf6 36. Rd2 Ne3 37. Kg1 Rc6 38. Kf2 Ng4+ 39. Bxg4
Kxg4 40. b3 Rc3 41. Rd6 g5 42. Rd5 Rxb3 43. Rxa5 Rxg3 0-1

[Event "21. Copenhagen Open  (Politiken Cup)"]
[Site "Copenhagen"]
[Date "1999.07.13"]
[Round "10"]
[White "Backlund, Anders"]
[Black "Nielsen, Morten"]
[Result "1/2-1/2"]
[WhiteElo "2265"]
[BlackElo "2077"]
[PlyCount "87"]
[EventDate "1999.07.03"]
[EventType "swiss"]
[EventRounds "11"]
[EventCountry "DEN"]
[SourceDate "2004.01.01"]

1. c4 Nf6 2. Nc3 g6 3. g3 Bg7 4. Bg2 O-O 5. e4 d6 6. Nge2 e5 7. O-O Nc6 8. d3
Ne8 9. h3 Be6 10. Nd5 Qd7 11. Kh2 f5 12. Rb1 Nd8 13. exf5 gxf5 14. f4 c6 15.
Ndc3 h5 16. Be3 Qf7 17. Bf3 Nf6 18. Rc1 Bh6 19. Qd2 Qg6 20. fxe5 Bxe3 21. Qxe3
dxe5 22. Qxe5 Nf7 23. Qe3 Rfe8 24. Nf4 Qh6 25. Qf2 Kg7 26. Rce1 Ng5 27. Bd1 Bd7
28. Qd4 Qh8 29. Nxh5+ Kf7 30. Ne4 Ng4+ 31. Bxg4 Qxd4 32. Bxf5 Bxf5 33. Rxf5+
Kg6 34. Rxg5+ Kh6 35. Nf4 Qxb2+ 36. Kh1 Rxe4 37. Rg6+ Kh7 38. Rxe4 Rf8 39. Re7+
Kh8 40. Rh6+ Kg8 41. Rg6+ Kh8 42. Rh6+ Kg8 43. Rg6+ Kh8 44. Rh6+ 1/2-1/2

[Event "21. Copenhagen Open  (Politiken Cup)"]
[Site "Copenhagen"]
[Date "1999.07.13"]
[Round "10"]
[White "Baekgaard, Martin"]
[Black "Olsen, Peter Erik"]
[Result "1/2-1/2"]
[WhiteElo "2055"]
[BlackElo "2248"]
[PlyCount "35"]
[EventDate "1999.07.03"]
[EventType "swiss"]
[EventRounds "11"]
[EventCountry "DEN"]
[SourceDate "2004.01.01"]

1. c4 c5 2. Nc3 Nc6 3. Nf3 g6 4. g3 Bg7 5. Bg2 d6 6. d3 e5 7. O-O Nge7 8. Bd2
O-O 9. Ne1 f5 10. a3 a5 11. Rb1 Be6 12. Nd5 Rb8 13. Nxe7+ Nxe7 14. b4 axb4 15.
axb4 b6 16. Qc1 Qc7 17. Nc2 d5 18. Na3 1/2-1/2

[Event "21. Copenhagen Open  (Politiken Cup)"]
[Site "Copenhagen"]
[Date "1999.07.13"]
[Round "10"]
[White "Coleman, David"]
[Black "Trygstad, Kristian"]
[Result "0-1"]
[WhiteElo "2240"]
[BlackElo "2227"]
[PlyCount "78"]
[EventDate "1999.07.03"]
[EventType "swiss"]
[EventRounds "11"]
[EventCountry "DEN"]
[SourceDate "2004.01.01"]

1. e4 c6 2. d4 d5 3. e5 Bf5 4. Nc3 e6 5. g4 Bg6 6. Nge2 c5 7. Be3 Qh4 8. Qd2
Nc6 9. h3 h6 10. Nb5 Qd8 11. Rg1 cxd4 12. Nexd4 a6 13. Nc3 Nge7 14. f4 Nxd4 15.
Bxd4 Nc6 16. O-O-O Qa5 17. Rg3 O-O-O 18. Kb1 Qb4 19. Ne2 Qxd2 20. Rxd2 Be4 21.
Bb6 Rd7 22. a3 g5 23. Rc3 Kb8 24. Ng3 Bh7 25. fxg5 hxg5 26. Nh5 Be7 27. Re3 Bg6
28. Ng3 Bd8 29. Bxd8 Rhxd8 30. Bg2 Na5 31. Rd4 Rc7 32. Ne4 Nc6 33. Red3 Nxd4
34. Rxd4 Rg8 35. Nf6 Bxc2+ 36. Ka2 Rgc8 37. Rd2 Bg6 38. Bf3 Rc2 39. Rd4 R8c4 {
time} 0-1

[Event "21. Copenhagen Open  (Politiken Cup)"]
[Site "Copenhagen"]
[Date "1999.07.13"]
[Round "10"]
[White "Damgaard, Sven"]
[Black "Brameld, Arthur F"]
[Result "0-1"]
[WhiteElo "1939"]
[BlackElo "2109"]
[PlyCount "58"]
[EventDate "1999.07.03"]
[EventType "swiss"]
[EventRounds "11"]
[EventCountry "DEN"]
[SourceDate "2004.01.01"]

1. d4 Nf6 2. c4 c5 3. d5 e6 4. Nc3 exd5 5. cxd5 d6 6. e3 g6 7. Bd3 Bg7 8. Qc2
Nbd7 9. Nge2 O-O 10. h4 Nb6 11. Nf4 Re8 12. Bd2 c4 13. Be2 Re5 14. a4 Bf5 15.
Qc1 Nfxd5 16. Nfxd5 Nxd5 17. Bxc4 Nb4 18. Kf1 Rc8 19. Be2 Qf6 20. e4 Bxe4 21.
Bf4 Rf5 22. Bg3 Bd3 23. Qd2 Bxe2+ 24. Qxe2 Rxc3 25. Qe8+ Bf8 26. bxc3 Qxc3 27.
Re1 Qxg3 28. f3 Nd3 29. Re2 Rc5 0-1

[Event "21. Copenhagen Open  (Politiken Cup)"]
[Site "Copenhagen"]
[Date "1999.07.13"]
[Round "10"]
[White "Danielsen, Henrik"]
[Black "Barkhagen, Jonas"]
[Result "1/2-1/2"]
[WhiteElo "2512"]
[BlackElo "2442"]
[PlyCount "68"]
[EventDate "1999.07.03"]
[EventType "swiss"]
[EventRounds "11"]
[EventCountry "DEN"]
[SourceDate "2004.01.01"]

1. f4 d5 2. Nf3 g6 3. g3 Bg7 4. Bg2 c6 5. Nc3 Qb6 6. e3 h5 7. d3 Be6 8. Qd2 Na6
9. a4 Bf6 10. a5 Qb4 11. e4 dxe4 12. Nxe4 O-O-O 13. Qxb4 Nxb4 14. Kd1 Bd5 15.
Nxf6 Nxf6 16. Be3 h4 17. Re1 hxg3 18. hxg3 Ng4 19. Bg1 e6 20. Kd2 c5 21. Bxc5
Nh2 22. Re3 Nc6 23. b3 Rh5 24. b4 Kc7 25. Rg1 b6 26. axb6+ axb6 27. b5 bxc5 28.
bxc6 Bxf3 29. Bxf3 Nxf3+ 30. Rxf3 Rh2+ 31. Kc3 Ra8 32. g4 Ra2 33. Rc1 Kxc6 34.
f5 gxf5 1/2-1/2

[Event "21. Copenhagen Open  (Politiken Cup)"]
[Site "Copenhagen"]
[Date "1999.07.13"]
[Round "10"]
[White "Dongart, Dennis"]
[Black "Nilssen, John Arni"]
[Result "1/2-1/2"]
[WhiteElo "2095"]
[BlackElo "2326"]
[PlyCount "69"]
[EventDate "1999.07.03"]
[EventType "swiss"]
[EventRounds "11"]
[EventCountry "DEN"]
[SourceDate "2004.01.01"]

1. e4 c5 2. Nf3 Nc6 3. d4 cxd4 4. Nxd4 e5 5. Nf5 d5 6. Qxd5 Qxd5 7. exd5 Bxf5
8. dxc6 bxc6 9. Bd3 Bb4+ 10. Bd2 Bxd3 11. cxd3 Bc5 12. Be3 Bb6 13. Nd2 O-O-O
14. Ke2 Kb7 15. Rac1 Ne7 16. Rc4 Rd5 17. Rhc1 Rhd8 18. R4c3 Rb5 19. Rb3 Nd5 20.
a3 e4 21. dxe4 Nxe3 22. Rxb5 cxb5 23. fxe3 Re8 24. Kf3 Re6 25. Rc3 Bc7 26. g3
Be5 27. Rc2 Rf6+ 28. Ke2 Rc6 29. Kd3 Rd6+ 30. Ke2 Rc6 31. Kd3 Rd6+ 32. Ke2 Rc6
33. Kd3 Rd6+ 34. Ke2 Rc6 35. Kd3 1/2-1/2

[Event "21. Copenhagen Open  (Politiken Cup)"]
[Site "Copenhagen"]
[Date "1999.07.13"]
[Round "10"]
[White "Gozzi, Giorgio"]
[Black "Elakany, Mohammed"]
[Result "1-0"]
[WhiteElo "1657"]
[BlackElo "1172"]
[PlyCount "21"]
[EventDate "1999.07.03"]
[EventType "swiss"]
[EventRounds "11"]
[EventCountry "DEN"]
[SourceDate "2004.01.01"]

1. e4 c5 2. Nf3 Nc6 3. d4 cxd4 4. Nxd4 Nxd4 5. Qxd4 e6 6. Nc3 b6 7. Bf4 d6 8.
O-O-O e5 9. Bxe5 Qg5+ 10. f4 dxe5 11. Bb5+ 1-0

[Event "21. Copenhagen Open  (Politiken Cup)"]
[Site "Copenhagen"]
[Date "1999.07.13"]
[Round "10"]
[White "Grigorian, Anusit"]
[Black "Hjortskov, Kjeld"]
[Result "1-0"]
[WhiteElo "2000"]
[BlackElo "1655"]
[PlyCount "129"]
[EventDate "1999.07.03"]
[EventType "swiss"]
[EventRounds "11"]
[EventCountry "DEN"]
[SourceDate "2004.01.01"]

1. d4 d5 2. Nf3 Nf6 3. c4 c6 4. cxd5 cxd5 5. Nc3 Nc6 6. Bf4 e6 7. a3 a6 8. e3
Be7 9. Bd3 O-O 10. h4 h6 11. Ne5 Kh8 12. g4 Nxe5 13. dxe5 Ng8 14. g5 b5 15.
gxh6 g6 16. h7 Nf6 17. exf6 Bxf6 18. Qf3 Bb7 19. Bg5 Bxg5 20. hxg5 Qxg5 21. Qf4
Qxf4 22. exf4 f5 23. Rh6 Kg7 24. Rh3 Rh8 25. Kd2 Rxh7 26. Rxh7+ Kxh7 27. Rc1
Rc8 28. Nxb5 Rxc1 29. Kxc1 axb5 30. Bxb5 Kg7 31. Kd2 Kf6 32. a4 e5 33. fxe5+
Kxe5 34. a5 g5 35. a6 Ba8 36. Bd7 f4 37. Bc8 Kd6 38. Kc3 Kc7 39. Bg4 Kb6 40.
Be2 g4 41. Bxg4 Kxa6 42. Kd4 Kb5 43. Bf3 Bc6 44. Bxd5 Bd7 45. Ke5 Kc5 46. Be6
Bc6 47. Kxf4 Kd4 48. Kg5 Ke5 49. Bh3 Bb5 50. f4+ Kd6 51. f5 Bc4 52. f6 Kc5 53.
Kg6 Kb4 54. Bd7 Kb3 55. Be8 Kxb2 56. Bf7 Bb5 57. Kg7 Kc3 58. Be6 Be8 59. Bd7
Bh5 60. Bg4 Be8 61. Kf8 Bg6 62. Kg7 Be8 63. Be6 Bh5 64. Bg4 Be8 65. Bf5 1-0

[Event "21. Copenhagen Open  (Politiken Cup)"]
[Site "Copenhagen"]
[Date "1999.07.13"]
[Round "10"]
[White "Hansen, Erik Svaerke"]
[Black "Laursen, Niels Norskov"]
[Result "0-1"]
[WhiteElo "1626"]
[BlackElo "2055"]
[PlyCount "74"]
[EventDate "1999.07.03"]
[EventType "swiss"]
[EventRounds "11"]
[EventCountry "DEN"]
[SourceDate "2004.01.01"]

1. d4 g6 2. Nc3 Bg7 3. e4 c5 4. Nf3 cxd4 5. Nxd4 Nc6 6. Nf3 Nf6 7. Bc4 O-O 8.
O-O d6 9. h3 a6 10. a4 Bd7 11. Be3 Rc8 12. Qd2 Qa5 13. Bh6 Qc5 14. Bxg7 Kxg7
15. Bb3 Qh5 16. Qg5 Qxg5 17. Nxg5 Nd4 18. f4 Nxb3 19. cxb3 Rc5 20. b4 Rc4 21.
e5 Ne8 22. Nd5 h6 23. Nb6 Rc7 24. Nxd7 Rxd7 25. Ne4 dxe5 26. fxe5 Rd4 27. Nc3
Rxb4 28. Nd5 Rxb2 29. Nxe7 Nc7 30. Rab1 Rxb1 31. Rxb1 Re8 32. Nxg6 Kxg6 33.
Rxb7 Nd5 34. g4 Rxe5 35. Ra7 Nb4 36. Rb7 a5 37. Rb6+ f6 0-1

[Event "21. Copenhagen Open  (Politiken Cup)"]
[Site "Copenhagen"]
[Date "1999.07.13"]
[Round "10"]
[White "Hau, Helge"]
[Black "Jensen, Jannick"]
[Result "0-1"]
[WhiteElo "1492"]
[BlackElo "1967"]
[PlyCount "58"]
[EventDate "1999.07.03"]
[EventType "swiss"]
[EventRounds "11"]
[EventCountry "DEN"]
[SourceDate "2004.01.01"]

1. f4 d5 2. Nf3 e6 3. b3 Nf6 4. Bb2 Bd6 5. e3 O-O 6. Ne5 c5 7. d4 b6 8. Nd2 Bb7
9. Be2 Nc6 10. O-O Ne7 11. g4 Qc8 12. Rc1 Ne8 13. Qe1 f6 14. Nd3 c4 15. bxc4
dxc4 16. c3 cxd3 17. Bxd3 f5 18. Qg3 fxg4 19. Qxg4 Nf5 20. Kf2 Qd8 21. e4 Nh6
22. Qxe6+ Kh8 23. Ke3 Qh4 24. e5 Ng4+ 25. Ke2 Qxh2+ 26. Ke1 Rxf4 27. Rxf4 Qxf4
28. Qf5 Qe3+ 29. Be2 Qg3+ 0-1

[Event "21. Copenhagen Open  (Politiken Cup)"]
[Site "Copenhagen"]
[Date "1999.07.13"]
[Round "10"]
[White "Henrichsen, Jens"]
[Black "Hvenekilde, Jorgen"]
[Result "0-1"]
[WhiteElo "2059"]
[BlackElo "2239"]
[PlyCount "80"]
[EventDate "1999.07.03"]
[EventType "swiss"]
[EventRounds "11"]
[EventCountry "DEN"]
[SourceDate "2004.01.01"]

1. d4 Nf6 2. Nf3 g6 3. c4 Bg7 4. Nc3 O-O 5. e4 d6 6. Be2 c6 7. O-O a6 8. a4 a5
9. Ne1 e5 10. dxe5 dxe5 11. Nd3 Nfd7 12. Be3 Na6 13. b3 Qe7 14. Qc2 f5 15. f3
f4 16. Bf2 g5 17. g4 h5 18. h3 Rf6 19. Kg2 Rh6 20. Rad1 Bf8 21. Na2 b6 22. Rh1
Bb7 23. Rdg1 Rd8 24. Be1 Nc7 25. Bc3 Bg7 26. Qb2 Re8 27. b4 axb4 28. Bxb4 c5
29. Bc3 Ne6 30. Nxe5 Nxe5 31. Bxe5 Nd4 32. Bxg7 Qxg7 33. Bd3 Qd7 34. Rd1 Nxf3
35. Kxf3 hxg4+ 36. Kg2 gxh3+ 37. Kh2 g4 38. Rhg1 g3+ 39. Rxg3+ fxg3+ 40. Kxg3
Rg6+ 0-1

[Event "21. Copenhagen Open  (Politiken Cup)"]
[Site "Copenhagen"]
[Date "1999.07.13"]
[Round "10"]
[White "Hoff, Terje"]
[Black "Hartvig, Ove Weiss"]
[Result "1-0"]
[WhiteElo "2040"]
[BlackElo "2289"]
[PlyCount "81"]
[EventDate "1999.07.03"]
[EventType "swiss"]
[EventRounds "11"]
[EventCountry "DEN"]
[SourceDate "2004.01.01"]

1. d4 f5 2. c4 Nf6 3. Nf3 g6 4. g3 Bg7 5. Bg2 O-O 6. Nc3 d6 7. O-O Qe8 8. d5
Na6 9. Be3 c5 10. Qd2 Nc7 11. Rab1 b5 12. b4 cxb4 13. Rxb4 a5 14. Nxb5 Ne4 15.
Qd3 Na6 16. Rbb1 Bd7 17. Nfd4 Nac5 18. Qc2 Qf7 19. Nc6 Rfc8 20. f3 Nf6 21. Bxc5
dxc5 22. Ne5 Qe8 23. Nxd7 Qxd7 24. Rfd1 Ne8 25. e4 fxe4 26. Qxe4 Nd6 27. Qe2
Rcb8 28. f4 a4 29. Bf3 Nxb5 30. cxb5 Bd4+ 31. Kg2 Ra5 32. b6 Qd6 33. Qc4 Kg7
34. Re1 Bf6 35. Re6 Qd8 36. Rc6 a3 37. d6 exd6 38. Rc7+ Kh6 39. Qf7 Qh8 40. g4
g5 41. Qh5# 1-0

[Event "21. Copenhagen Open  (Politiken Cup)"]
[Site "Copenhagen"]
[Date "1999.07.13"]
[Round "10"]
[White "Howe, Dennis"]
[Black "Mortensen, Henrik"]
[Result "1/2-1/2"]
[WhiteElo "1919"]
[BlackElo "2078"]
[PlyCount "30"]
[EventDate "1999.07.03"]
[EventType "swiss"]
[EventRounds "11"]
[EventCountry "DEN"]
[SourceDate "2004.01.01"]

1. e4 c6 2. d4 d5 3. Nc3 b5 4. a3 dxe4 5. Nxe4 Bf5 6. Ng3 Bg6 7. Nf3 e6 8. Bf4
Bd6 9. Bxd6 Qxd6 10. Ne5 Nf6 11. c3 Nbd7 12. f4 Nd5 13. Qf3 a5 14. Be2 O-O 15.
O-O N7f6 1/2-1/2

[Event "21. Copenhagen Open  (Politiken Cup)"]
[Site "Copenhagen"]
[Date "1999.07.13"]
[Round "10"]
[White "Hogh, Sidsel T"]
[Black "Dinesen, Henrik"]
[Result "1-0"]
[WhiteElo "1150"]
[BlackElo "1129"]
[PlyCount "47"]
[EventDate "1999.07.03"]
[EventType "swiss"]
[EventRounds "11"]
[EventCountry "DEN"]
[SourceDate "2004.01.01"]

1. d4 Nf6 2. c4 e6 3. Nc3 Bb4 4. Qc2 O-O 5. Bg5 h6 6. Bh4 d5 7. e3 Nbd7 8. Nf3
dxc4 9. Bxc4 c5 10. dxc5 Bxc5 11. O-O Nb6 12. Rfd1 Qc7 13. Bb3 a6 14. Bxf6 gxf6
15. Ne4 Nd7 16. Ng3 b6 17. Qe4 Bb7 18. Qg4+ Kh8 19. Qh4 Bxf3 20. Qxh6+ Kg8 21.
gxf3 Rfd8 22. Nh5 Bf8 23. Rxd7 Bxh6 24. Rxc7 1-0

[Event "21. Copenhagen Open  (Politiken Cup)"]
[Site "Copenhagen"]
[Date "1999.07.13"]
[Round "10"]
[White "Ingolfsdottir, Harpa"]
[Black "Haagen Larsen, Hans"]
[Result "0-1"]
[WhiteElo "1495"]
[BlackElo "1612"]
[PlyCount "58"]
[EventDate "1999.07.03"]
[EventType "swiss"]
[EventRounds "11"]
[EventCountry "DEN"]
[SourceDate "2004.01.01"]

1. e4 e6 2. d4 d5 3. exd5 exd5 4. Nf3 Bd6 5. c4 Nf6 6. Bg5 c6 7. Nc3 Qe7+ 8.
Be2 dxc4 9. O-O O-O 10. Bxc4 Bg4 11. Re1 Qd8 12. Re4 Bf5 13. Re3 Nbd7 14. Ne5
Qc7 15. Qe2 Rae8 16. Nxd7 Qxd7 17. Bxf6 gxf6 18. Re1 Rxe3 19. Qxe3 Kg7 20. Bd3
Bg6 21. Ne4 Re8 22. Qf3 f5 23. Qh3 Re7 24. Qh4 fxe4 25. Bxe4 f5 26. f3 fxe4 27.
fxe4 Bb4 28. Re3 Qxd4 29. Qf2 Bc5 0-1

[Event "21. Copenhagen Open  (Politiken Cup)"]
[Site "Copenhagen"]
[Date "1999.07.13"]
[Round "10"]
[White "Jacobsen, Jesper Howalt"]
[Black "Jensen, Jan Kargaard"]
[Result "0-1"]
[WhiteElo "1180"]
[BlackElo "1740"]
[PlyCount "40"]
[EventDate "1999.07.03"]
[EventType "swiss"]
[EventRounds "11"]
[EventCountry "DEN"]
[SourceDate "2004.01.01"]

1. d4 Nf6 2. Nf3 g6 3. g3 Bg7 4. c4 O-O 5. Bg2 d5 6. c5 c6 7. O-O Nbd7 8. Nbd2
e5 9. e3 e4 10. Ne1 Nh5 11. Nc2 f5 12. Re1 Ndf6 13. Nf1 g5 14. b4 f4 15. a4 f3
16. Bh1 Bh3 17. b5 Qd7 18. Bd2 Bxf1 19. bxc6 Qh3 20. Rxf1 Ng4 0-1

[Event "21. Copenhagen Open  (Politiken Cup)"]
[Site "Copenhagen"]
[Date "1999.07.13"]
[Round "10"]
[White "Jakobsen, Ole"]
[Black "Ward, Christopher"]
[Result "0-1"]
[WhiteElo "2398"]
[BlackElo "2473"]
[PlyCount "76"]
[EventDate "1999.07.03"]
[EventType "swiss"]
[EventRounds "11"]
[EventCountry "DEN"]
[SourceDate "2004.01.01"]

1. Nf3 c5 2. c4 g6 3. e4 Bg7 4. d4 cxd4 5. Nxd4 Nc6 6. Be3 Nf6 7. Nc3 O-O 8.
Be2 b6 9. Qd2 Bb7 10. f3 Qb8 11. O-O Nh5 12. Nc2 Rd8 13. Rad1 d6 14. b3 Rd7 15.
Bh6 Qf8 16. Bxg7 Qxg7 17. f4 Nf6 18. g4 h6 19. h4 g5 20. Ne3 e6 21. hxg5 hxg5
22. Ng2 gxf4 23. Qxf4 Nh7 24. Qg3 Nd4 25. Bd3 Kh8 26. Ne2 Bxe4 27. Nxd4 Qxd4+
28. Kh2 Bxd3 29. Rxd3 Qc5 30. Rdf3 Rf8 31. Nf4 Rg8 32. Qh3 Qe5 33. Kh1 Qe4 34.
Qh4 e5 35. Ng2 Rxg4 36. Qh3 Rc7 37. Re1 Qg6 38. Ne3 Rg5 0-1

[Event "21. Copenhagen Open  (Politiken Cup)"]
[Site "Copenhagen"]
[Date "1999.07.13"]
[Round "10"]
[White "Jensen, John Klaus"]
[Black "Hansen, Erik Friberg"]
[Result "1-0"]
[WhiteElo "1563"]
[BlackElo "1028"]
[PlyCount "87"]
[EventDate "1999.07.03"]
[EventType "swiss"]
[EventRounds "11"]
[EventCountry "DEN"]
[SourceDate "2004.01.01"]

1. a3 d5 2. Nf3 Nf6 3. c4 c6 4. cxd5 cxd5 5. d4 g6 6. Nc3 Bg7 7. g3 O-O 8. Bg2
Nc6 9. O-O a6 10. Ne5 Qd6 11. Bf4 Qe6 12. e4 Nxe4 13. Nxe4 Nxe5 14. Nc5 Qd6 15.
Rc1 b6 16. dxe5 Bxe5 17. Bxe5 Qxe5 18. Nd3 Qd6 19. Nb4 e6 20. Nxd5 exd5 21.
Bxd5 Be6 22. Bxa8 Qxd1 23. Rfxd1 Rxa8 24. Rd6 b5 25. Rcd1 Kg7 26. Rc1 Bh3 27.
f4 Ra7 28. Kf2 Bg4 29. Rcc6 a5 30. Ra6 Re7 31. Rd2 a4 32. Rb6 Re4 33. Rxb5 Be6
34. Rb4 Bf5 35. Rxe4 Bxe4 36. Ke3 Bc6 37. Kd4 f5 38. Kc5 Be8 39. Rd8 Kf7 40.
Rxe8 Kxe8 41. Kb4 Kf7 42. Kxa4 Kf6 43. b4 g5 44. b5 1-0

[Event "21. Copenhagen Open  (Politiken Cup)"]
[Site "Copenhagen"]
[Date "1999.07.13"]
[Round "10"]
[White "Jensen, Kasper Smith"]
[Black "Bjarnason, Larus H"]
[Result "0-1"]
[WhiteElo "1944"]
[BlackElo "1550"]
[PlyCount "122"]
[EventDate "1999.07.03"]
[EventType "swiss"]
[EventRounds "11"]
[EventCountry "DEN"]
[SourceDate "2004.01.01"]

1. e4 c6 2. d4 d5 3. Nc3 dxe4 4. Nxe4 Bf5 5. Ng3 Bg6 6. Nf3 Nd7 7. h4 h6 8. h5
Bh7 9. Bd3 Bxd3 10. Qxd3 Ngf6 11. Bd2 e6 12. O-O-O Qc7 13. Qe2 O-O-O 14. Ne5
Nxe5 15. dxe5 Nd5 16. f4 Qb6 17. Ne4 Be7 18. Rh3 Rhe8 19. Rb3 Qc7 20. c4 Nb6
21. Ba5 Rxd1+ 22. Qxd1 Rd8 23. Qc2 c5 24. Rg3 f5 25. Nc3 Bh4 26. Rh3 Be7 27.
Nb5 Qb8 28. Rb3 Rd7 29. Nxa7+ Qxa7 30. Bxb6 Qa4 31. Rd3 Qc6 32. Rxd7 Kxd7 33.
Ba5 Bh4 34. Qd3+ Ke8 35. Qd6 Qxd6 36. exd6 Bg3 37. Bd2 Kd7 38. Kd1 Kxd6 39. Ke2
e5 40. Kf3 Bh2 41. g4 fxg4+ 42. Kxg4 Bxf4 43. Bxf4 exf4 44. Kxf4 Ke6 45. Ke4 g5
46. hxg6 Kf6 47. g7 Kxg7 48. Kd5 h5 49. Kxc5 h4 50. Kb6 h3 51. Kxb7 h2 52. c5
h1=Q+ 53. c6 Qd5 54. a4 Qb3+ 55. Kc8 Qxa4 56. c7 Qc6 57. b4 Kf7 58. Kb8 Qb6+
59. Kc8 Ke7 60. b5 Qa7 61. b6 Qa8# 0-1